| 000 | 00602nam a2200157Ia 4500 | ||
|---|---|---|---|
| 008 | 170221s9999 xx 000 0 und d | ||
| 100 | _aBrian H. Spitzberg | ||
| 245 | 4 | _aThe Map is Not Which Territory?: Speculating on the Geo-Spatial Diffusion of Ideas in the Arab Spring of 2011 | |
| 245 | _cBrian H. Spitzberg, Ming-Hsiang Tsou, Dipak K. Gupta, Li An, Jean Mark Gawron, Daniel Lusher | ||
| 260 | _bStudies in Media and Communication | ||
| 260 | _c2013 | ||
| 300 | _a1 : 1 | ||
| 650 | _xCommunication | ||
| 650 | _xMedia Arts | ||
| 856 | _uhttp://redfame.com/journal/index.php/smc/issue/view/3 | ||
| 999 |
_c307281 _d307281 |
||